000 00536nam a2200169 i 4500
001 138529
003 ES-MaACL
005 20230906195600.0
007 t|
008 070214s1922 sp r ||||1| spa d
100 1 _aSan Román y Rouyer, Alberto de.
_9102304
245 1 0 _aMetodología de la nomenclatura química /
_cpor Alberto San Román y Rouyer.
250 _a2ª ed. arreglada y aum. con problemas de química.
260 _aMadrid :
_bBailly-Bailliére,
_c1922.
300 _a92 p. ;
_c19 cm.
852 _aES-MaACL
_j1826-F-12
999 _c138529
_d138529